Catálogo
 En Linea

Historia de la filosofía : (Registro nro. 22736)

Detalles MARC
000 -CABECERA
campo de control de longitud fija 00986nam a2200241 a 4500
001 - NÚMERO DE CONTROL
campo de control 000023239
005 - FECHA Y HORA DE LA ÚLTIMA TRANSACCIÓN
campo de control 20200930022100.0
008 - DATOS DE LONGITUD FIJA--INFORMACIÓN GENERAL
campo de control de longitud fija 101130s1969 mx 000 0 spa d
040 ## - FUENTE DE LA CATALOGACIÓN
Centro catalogador/agencia de origen DO-SdBNP
Lengua de catalogación spa
Centro/agencia transcriptor BNPHU
082 ## - NÚMERO DE LA CLASIFICACIÓN DECIMAL DEWEY
Número de clasificación xxxx
Número de documento/Ítem xxxxx
049 ## - FONDOS LOCALES (OCLC)
Fondos de biblioteca BNGR
240 10 - TÍTULO UNIFORME
Título uniforme Istoriia filosofii.
Lenguaje de la obra Español
245 10 - MENCIÓN DE TÍTULO
Título Historia de la filosofía :
Resto del título desde finales del siglo xix hasta la revolución socialista de octubre de 1917 /
Mención de responsabilidad, etc. Redacción general M. A. Dynnik... [et.al]; traducción José Laín, Augusto Vidal Roget y Adolfo Sánchez Vásquez.
250 ## - MENCIÓN DE EDICIÓN
Mención de edición 2a. ed.
260 ## - PUBLICACIÓN, DISTRIBUCIÓN, ETC.
Lugar de publicación, distribución, etc. México, D. F. :
Nombre del editor, distribuidor, etc. editada por la Academia de Ciencias
-- Instituto de Filosofía,
Fecha de publicación, distribución, etc. 1969.
300 ## - DESCRIPCIÓN FÍSICA
Extensión v. 5 ;
Dimensiones 21 cm.
534 ## - NOTA SOBRE LA VERSIÓN ORIGINAL
Encabezamiento principal del original Título de la obra en ruso :
Mención de título del original Istoriia filosofii
700 1# - PUNTO DE ACCESO ADICIONAL--NOMBRE DE PERSONA
Nombre de persona Dynnik, M. A.
9 (RLIN) 47846
700 1# - PUNTO DE ACCESO ADICIONAL--NOMBRE DE PERSONA
Nombre de persona Laín, José,
Término indicativo de función/relación tr.
9 (RLIN) 47847
700 1# - PUNTO DE ACCESO ADICIONAL--NOMBRE DE PERSONA
Nombre de persona Vidal Roget, Augusto,
Término indicativo de función/relación tr.
9 (RLIN) 47859
700 1# - PUNTO DE ACCESO ADICIONAL--NOMBRE DE PERSONA
Nombre de persona Sánchez Vásquez, Adolfo,
Término indicativo de función/relación tr.
9 (RLIN) 47153
710 2# - PUNTO DE ACCESO ADICIONAL--NOMBRE DE ENTIDAD CORPORATIVA
Nombre de entidad corporativa o nombre de jurisdicción como elemento de entrada Academia de Ciencias
9 (RLIN) 47860
Existencias
Estado de retiro Estado de pérdida Restricciones de uso No para préstamo Código de colección Localización permanente Ubicación/localización actual Ubicación en estantería Fecha de adquisición Número de inventario Total de préstamos Signatura topográfica completa Código de barras Fecha visto por última vez Precio válido a partir de Tipo de ítem Koha
        Monografías: Libros y Folletos General General En catalogación 30.11.2010 LF1   v. 5 23239-10 25.06.2020 25.06.2020 Préstamo en sala
        Monografías: Libros y Folletos General General En catalogación 03.10.2012 LF1   v. 6 23239-20 25.06.2020 25.06.2020 Préstamo en sala
        Monografías: Libros y Folletos General General En catalogación 03.10.2012 LF1   xxxx xxxxx 23239-30 25.06.2020 25.06.2020 Préstamo en sala

Con tecnología Koha